000 01234nam a22002657a 4500
005 20170124103159.0
010 _aA-885879
020 _c200.00
_a8170163838
035 _aA-885879
037 _bCen Lib/Ret
040 _aDPL
_bHN
082 _a155.25
_bहरद
100 _aहरदयाल
_9500
245 _aव्यक्तित्व -विकास :
_c हरदयाल; अनुवादक सत्यपाल विज
_bसंघर्ष और सफलता /
246 _aVyaktitva-vikas : sangharsh aur saphalta /
_bby Har Dyal; anuvadak Satya Pal Vij
260 _aनई दिल्ली
_bकिताबघर
_c1997
270 _a24, अंसारी रोड, दरियागंज
_bनई दिल्ली
_e110002
300 _a330पृ.
_c21सेमी (सजिल्द)
650 _aबौद्धिक विकास -- मनो विज्ञान
_985763
650 _aव्यक्तिक नैतिकता
_990947
650 _aIntellectual Development -- Psychology
_990948
650 _aIndividual morality
_990949
700 _aसत्यपाल विज
_990950
942 _2ddc
_cHN
_h155.25
_mहरदयाल
999 _c120539
_d120539